000 01496nam a2200337 c 4500
003 BLK
005 20250607112123.0
008 180410b bul|||||r ||||||| ||bul||
010 _aKNG00155042000
040 _aBLK
041 _aBUL
_cBUL
080 _aПолска литература
_b821.162.1
_x-93-34
_z821.162.1-93-34
100 1 _aЯнчарски, Чеслав
_eпърви автор
_9145960
700 1 _aГеоргиева, Катя
_eпрев. от пол.
_9363907
700 1 _aЦветкова, Райна
_eпрев. от пол.
_9380140
700 1 _aРихлицки, Збигнев
_eил.
_9330137
139 _aЯнчарски, Чеслав
_bЯ 71
245 1 0 _aПатилата на Мечо Клепоушко
_bПриказки
_cЧеслав Янчарски; прев. от пол. Катя Георгиева; прев. от пол. Райна Цветкова; ил. Збигнев Рихлицки.
250 _a2. изд.
257 _aPOL
260 София
_bОтечество
_c1977
300 _a64 с.
_bс ил.
_c32 см
380 _aDX
500 _aОриг. заг. Przygody i wedroski Misia Uszatka / Ч. Янчарски. - 1. изд. 1962. - 150 100 тир.
852 _aЦб ІІ 19141
856 4 _qpdf
_u
856 4 _qpdf
_u
942 _cKNG
_n0
_04
944 _aCR
_c27.12.2013
_lБояна Костадинова
_k30551
944 _aED
_c27.12.2013
_l27.12.2013 - от С1,Р / 27.12.2013
_k
999 _c148814
_d148814